00987nam a2200265 i 450000500170000000800410001702000380005804000250009608200150012110000520013624501090018824600540029725000240035126400420037530000510041733600210046833700250048933800230051450000360053760000330057365000310060665000210063765000210065871000420067920251102105335.0251102s2023 my o er 000 0amay d a9789831314555cRM70.00qpaperback aPPAKbengcPPAKerda04223a297.611 aAl-Qardawi, Yusuf,d1926-2022cSyeikh,eauthor.10aSebuah Autobiografi :bSANG PELITA UMAT /cSyeikh Yusuf al-Qaradawi ; Editor: Sidang Redaksi DARUL FIKIR33aIbnul Qaryah wal Kuttab, Malamih Sirah wa Masirah aEdisi Bahasa Melayu 1aKuala Lumpur :bDARUL FIKIR,c[2023?] axxvi, 753 pages :bcolour photographs ;c25 cm atext2rdacontent aunmediated2rdamedia avolume2rdacarrier aContains verses from the Qur'an10aQaradawi, Yusuf, d1926-202210aMuslim scholarsvBiography20aUlamavBiography20aIslamxDoctrines2 aSidang Redaksi Darul Fikir, eeditor.